书目信息 |
| 题名: |
物质点法改进算法及其工程应用
|
|
| 作者: | 孙政 , 周晓敏 著 | |
| 分册: | ||
| 出版信息: | 长沙 中南大学出版社 2021.11 |
|
| 页数: | 193页 | |
| 开本: | 24cm | |
| 丛书名: | 江西理工大学清江学术文库 | |
| 单 册: | ||
| 中图分类: | O302 | |
| 科图分类: | ||
| 主题词: | 计算力学--ji suan li xue | |
| 电子资源: | ||
| ISBN: | 978-7-5487-4661-4 | |
| 000 | 01172nam 2200289 450 | |
| 001 | CAL 0120217328774 | |
| 005 | 20230217093112.0 | |
| 010 | @a978-7-5487-4661-4@dCNY65.00 | |
| 100 | @a20220111d2021 em y0chiy0120 ea | |
| 101 | 0 | @achi |
| 102 | @aCN@b430000 | |
| 105 | @aa a 000yy | |
| 106 | @ar | |
| 200 | 1 | @a物质点法改进算法及其工程应用@Awu zhi dian fa gai jin suan fa ji qi gong cheng ying yong@f孙政, 周晓敏著 |
| 210 | @a长沙@c中南大学出版社@d2021.11 | |
| 215 | @a193页@c图@d24cm | |
| 225 | 2 | @a江西理工大学清江学术文库@Ajiang xi li gong da xue qing jiang xue shu wen ku |
| 300 | @a国家自然科学基全 江西省自然科学基金 | |
| 320 | @a有书目 (第167-193页) | |
| 330 | @a本书主要研究物质点法的算法改进和扩展其工程应用。在算法改进方面: 基于粒子子域积分代替物质点积分, 提出粒子子域积分物质点法等。在工程应用方面: 将蒙特卡洛模拟和物质点法相耦合, 发展和提出随机物质点法, 并对土质滑坡问题进行定量风险评估等。 | |
| 410 | 0 | @12001 @a江西理工大学清江学术文库 |
| 606 | 0 | @a计算力学@Aji suan li xue |
| 690 | @aO302@v5 | |
| 701 | 0 | @a孙政@Asun zheng@4著 |
| 701 | 0 | @a周晓敏@Azhou xiao min@4著 |
| 801 | 0 | @aCN@bBJXHZP@c20230228 |
| 905 | @b1380103-6@dO302@e94@f4 | |
| 物质点法改进算法及其工程应用/孙政, 周晓敏著.-长沙:中南大学出版社,2021.11 |
| 193页:图;24cm.-(江西理工大学清江学术文库) |
| 国家自然科学基全 江西省自然科学基金 |
| ISBN 978-7-5487-4661-4:CNY65.00 |
| 本书主要研究物质点法的算法改进和扩展其工程应用。在算法改进方面: 基于粒子子域积分代替物质点积分, 提出粒子子域积分物质点法等。在工程应用方面: 将蒙特卡洛模拟和物质点法相耦合, 发展和提出随机物质点法, 并对土质滑坡问题进行定量风险评估等。 |
| ● |
| 相关链接 |
|
|
|
|
正题名:物质点法改进算法及其工程应用
索取号:O302/94
 
预约/预借
| 序号 | 登录号 | 条形码 | 馆藏地/架位号 | 状态 | 备注 |
| 1 | 1380103 | 213801037 | 第二样本阅览室/ [索取号:O302/94] | 在馆 | |
| 2 | 1380104 | 213801046 | 第三借阅区/ [索取号:O302/94] | 在馆 | |
| 3 | 1380105 | 213801055 | 第三借阅区/ [索取号:O302/94] | 在馆 | |
| 4 | 1380106 | 213801064 | 第三借阅区/ [索取号:O302/94] | 在馆 |